Datum a čas kvízu
21
Celkem bodů
Celkový počet nahraných bodů na tomto kvízu bez doplňovacích otázek.
5.
Pořadí na kvízu
Konečné umístění týmu na tomto kvízu.
Zaznamenané odpovědi
| # | Otázka | Odpověď | Body | Výsledky |
|---|---|---|---|---|
| 1. | Vedení ČSSD zařadilo na čtvrté... | Petr Benda | 0 | |
| 2. | Americký prezident pokračuje v... | TikTok | 1 | |
| 3. | Minulý týden se udílely ceny B... | Černobyl | 1 | |
| 4. | Další z tradičních výrobců fot... | Kodak | 0 | |
| 5. | První hrací den rozšířeného pl... | Dominik Kubalík | 0 | |
| 6. | V tomto tématu se blíže podívá... | C | 0 | |
| 7. | Tato mapa vyznačuje jistý kult... | Laponsko | 0 | |
| 8. | Jak se nazývá ostrov ležící 30... | Utøya | 0 | |
| 9. | Tento Švéd se v poslední době... | Epidemiolog. | 1 | |
| 10. | Jak se nazývá fotbalový tým, j... | Borussia Dortmund | 1 |